5HLuxD.jpg

KING HENRY VIII SENIOR AND PRIMARY SCHOOL LIBRARY OPAC

The day no one was angry / (Record no. 1945)

000 -LEADER
fixed length control field 01951cam a2200373 i 4500
001 - CONTROL NUMBER
control field (Sirsi) a915057
003 - CONTROL NUMBER IDENTIFIER
control field OSt
005 - DATE AND TIME OF LATEST TRANSACTION
control field 20230220141200.0
008 - FIXED-LENGTH DATA ELEMENTS--GENERAL INFORMATION
fixed length control field 151230s2015 tnua c 000 1 eng d
020 ## - INTERNATIONAL STANDARD BOOK NUMBER
International Standard Book Number 9781927271575
Qualifying information (hardcover) :
040 ## - CATALOGING SOURCE
Original cataloging agency UKMGB
Language of cataloging eng
Transcribing agency UKMGB
Modifying agency YDXCP
-- BDX
-- NYP
-- KH8
Description conventions rda
041 1# - LANGUAGE CODE
Language code of text/sound track or separate title eng
Language code of original fre
042 ## - AUTHENTICATION CODE
Authentication code nbic
082 0# - DEWEY DECIMAL CLASSIFICATION NUMBER
Classification number 839.31364 TEL
100 1# - MAIN ENTRY--PERSONAL NAME
Personal name Tellegen, Toon.
Relator term author
240 10 - UNIFORM TITLE
Uniform title N'y a t-il personne pour se mettre en colère.
Language of a work English.
245 14 - TITLE STATEMENT
Title The day no one was angry /
Statement of responsibility, etc. Toon Tellegen ; illustrations by Marc Boutavant.
250 ## - EDITION STATEMENT
Edition statement First American edition.
260 ## - PUBLICATION, DISTRIBUTION, ETC.
Date of publication, distribution, etc. 2015.
264 #1 - PRODUCTION, PUBLICATION, DISTRIBUTION, MANUFACTURE, AND COPYRIGHT NOTICE
Place of production, publication, distribution, manufacture [Smyrna, TN.?] :
Name of producer, publisher, distributor, manufacturer Gecko Press USA,
Date of production, publication, distribution, manufacture, or copyright notice 2015.
300 ## - PHYSICAL DESCRIPTION
Extent 78 pages :
Other physical details color illustrations ;
Dimensions 28 cm.
336 ## - CONTENT TYPE
Content type term text
Content type code txt
Source rdacontent.
336 ## - CONTENT TYPE
Content type term still image
Content type code sti
Source rdacontent.
337 ## - MEDIA TYPE
Media type term unmediated
Media type code n
Source rdamedia.
338 ## - CARRIER TYPE
Carrier type term volume
Carrier type code nc
Source rdacarrier.
500 ## - GENERAL NOTE
General note Original title: N'y a t-il personne pour se mettre en coláere.
520 ## - SUMMARY, ETC.
Summary, etc. Twelve stunningly illustrated, poetic, and funny stories about grumpy animals from an internationally acclaimed Dutch writer and a hugely popular French illustrator. In 12 short chapters, we see different animals in various states of anger. Some try to understand their anger, some try to tame it, while others let their anger overwhelm them. These stories are funny and wry, but also offer a gently profound reflection of the nature of human emotions. Marc Boutavant's delicate, stunning full color illustrations put the reader in the heart of the forest, surrounded by endearingly grumpy animals. This book is a beautifully produced hardback which would make the perfect gift for older children as well as adults.
521 1# - TARGET AUDIENCE NOTE
Target audience note Ages 9-12.
546 ## - LANGUAGE NOTE
Language note Translated from the French.
650 #0 - SUBJECT ADDED ENTRY--TOPICAL TERM
Topical term or geographic name entry element Animals
Form subdivision Juvenile fiction.
650 #0 - SUBJECT ADDED ENTRY--TOPICAL TERM
Topical term or geographic name entry element Anger
Form subdivision Juvenile fiction.
700 1# - ADDED ENTRY--PERSONAL NAME
Personal name Boutavant, Marc,
Relator term illustrator.
942 ## - ADDED ENTRY ELEMENTS (KOHA)
Source of classification or shelving scheme
Koha item type Books - Non Ficton
Holdings
Withdrawn status Lost status Source of classification or shelving scheme Damaged status Not for loan Collection code Permanent Location Current Location Shelving location Date acquired Total Checkouts Full call number Barcode Date due Date last seen Date last checked out Price effective from Koha item type
          Non-Fiction KH8 Primary School Library KH8 Primary School Library Non Fiction 2023-02-20 8 839.31364 TEL KHPL000003662 2026-04-15 2026-04-07 2026-04-07 2023-02-20 Books - Non Ficton

Powered By KH8 IT Dept